000
00256nam a22001217a 4500
008
181011b xxu||||| |||| 00| 0 eng d
041
_a
eng
080
_a
201
100
_a
24
101
_a
TEO
245
_a
Existencialism
_c
Kaufmann, W
942
_2
udc
_c
BK
999
_c
49434
_d
49434